00711nai a2200169Ia 4500003000900000008004100009022002300050040001600073245009100089260008600180310001300266362002400279521006900303650003000372650004600402856009300448IN-BaIIA211028c9999 xx s 000 0 eng d a2329-9231 (Online) cIIA Library 0aIEEE Journal on Exploratory Solid-State Computational Devices and Circuitsh[eJournal] aNew York, USAbThe Institute of Electrical and Electronics Engineers, Inc. (IEEE) aAnnually a1(); 2015 - Present bSubscribed through National Knowledge Resource Consortium (NKRC) a Computing and Processing aComponents, Circuits, Devices and Systems uhttps://ieeexplore.ieee.org/servlet/opac?punumber=6570653yClick Here to Access eJournal